Score 0/10 Timer 02:00
0 Plays Today
Six-Letter Answer % Correct
ChampionWINNER
92.2%
Gene who played Willy WonkaWILDER
91.7%
Something to do on a dateDINNER
87.5%
Person who resets old clocksWINDER
85.7%
Not as intenseMILDER
84.3%
Blythe _____, mother of Gwyneth PaltrowDANNER
78%
Flag that displays a coat of armsBANNER
73.4%
1970s TV title character played by Hal Linden (last name)MILLER
59%
1970s TV title character played by Hal Linden (first name)BARNEY
58.5%
Oregon running back KenjonBARNER
47.9%

Today's Daily Dose

Remove Ads.
Support Sporcle.
Get the best of Sporcle when you Go Orange. This ad-free experience offers more features, more stats, and more fun while also helping to support Sporcle. Thank you for becoming a member.

You're not logged in!

Compare scores with friends on all Sporcle quizzes.
OR
Log In

Show Comments

Extras

Top Quizzes Today


Score Distribution

Your Account Isn't Verified!

In order to create a playlist on Sporcle, you need to verify the email address you used during registration. Go to your Sporcle Settings to finish the process.

Report this User

Report this user for behavior that violates our Community Guidelines.

Details: